000 00878nam2a2200241 4500
001 RU\NLR\bibl\509391
005 20250609142242.0
021 _aRU
_b2003-62056
_93043
035 _a(NLR Aleph) 000501910
090 _a1178898
_c1178898
100 _a20040408d2000 |||y0rusy50 ca
101 0 _arus
102 _aRU
105 _aa |||||||||
200 1 _aянварь - июнь 2002 года]
210 _d2000
_aБ. м.
215 _a620 с.
_cил., цв. ил., портр.
461 0 _1001RU\NLR\bibl\479630
_12001#$aФедеральный справочник$v[Вып. 7
_91003040
_cМ.
_d1999
_f[Редкол. А.В. Авдевич гл. ред.]
_lFederal Reference Book
_nРодина-ПРО
_tФедеральный справочник
_v[Вып. 7
801 0 _aRU
_bNLR
_c20040408
_gPSBO
801 1 _aRU
_bNLR
_c20040408
942 _cBOOK
980 _aNB